RIDDOR (Record no. 113170)

MARC details
000 -LEADER
fixed length control field 01063cad a22002055a 4500
001 - CONTROL NUMBER
control field L154810
008 - FIXED-LENGTH DATA ELEMENTS--GENERAL INFORMATION
fixed length control field 120120s2012 xxk 000 0 eng d
035 ## - SYSTEM CONTROL NUMBER
System control number (Sirsi) u154810
041 0# - LANGUAGE CODE
Language code of text/sound track or separate title eng
110 2# - MAIN ENTRY--CORPORATE NAME
Corporate name or jurisdiction name as entry element Great Britain
Subordinate unit Health and Safety Executive
245 00 - TITLE STATEMENT
Title RIDDOR
Remainder of title Reporting of Injuries, Diseases and Dangerous Occurrences Regulations 1995
Medium [electronic resource]
260 ## - PUBLICATION, DISTRIBUTION, ETC.
Place of publication, distribution, etc. [S.l.]
Name of publisher, distributor, etc. HSE
Date of publication, distribution, etc. 2012
520 ## - SUMMARY, ETC.
Summary, etc. From 6 April 2012, subject to Parliamentary approval, RIDDOR's over three day injury reporting requirement will change. This site provides information on RIDDOR which puts duties on employers, the self-employed and people in control of work premises (the Responsible Person) to report serious workplace accidents, occupational diseases and specified dangerous occurrences (near misses).
590 ## - LOCAL NOTE (RLIN)
Local note KA NTK
651 #4 - SUBJECT ADDED ENTRY--GEOGRAPHIC NAME
Geographic name Great Britain
Chronological subdivision 1707-
690 ## - LOCAL SUBJECT ADDED ENTRY--TOPICAL TERM (OCLC, RLIN)
Topical term or geographic name as entry element Health and safety
9 (RLIN) 6244
690 ## - LOCAL SUBJECT ADDED ENTRY--TOPICAL TERM (OCLC, RLIN)
Topical term or geographic name as entry element Construction management
9 (RLIN) 6230
856 40 - ELECTRONIC LOCATION AND ACCESS
Uniform Resource Identifier <a href="https://www.hse.gov.uk/riddor/">https://www.hse.gov.uk/riddor/</a>
Public note View the web page free of charge at www.hse.gov.uk
942 ## - ADDED ENTRY ELEMENTS (KOHA)
Suppress in OPAC 0
Holdings
Withdrawn status Lost status Source of classification or shelving scheme Damaged status Not for loan Home library Current library Shelving location Date acquired Total Checkouts Full call number Barcode Date last seen Copy number Price effective from Koha item type
    Dewey Decimal Classification     Virtual Virtual Online 20/01/2012   ONLINE PUBLICATION 154810-2001 06/08/2019 1 06/08/2019 Book